| 000 | 01067njm a22002537a 4500 | ||
|---|---|---|---|
| 005 | 20100903123414.0 | ||
| 006 | a|||||r|||||00| 0 | ||
| 007 | sd ammalaaahaa | ||
| 008 | 100901t xxu||||| |||| 00| 0 eng d | ||
| 028 |
_aN 16374 _bHis master's voice |
||
| 035 | _aGR-235 | ||
| 040 |
_aSED _cSED |
||
| 100 |
_aRay, Juthika _917837 |
||
| 245 |
_aRim jhim badarya barse : _cby Juthika Ray _h[sound recording] _bsawan sangeet / |
||
| 246 | _aरिम झिम बदरया बरसे / जुथिका रे | ||
| 260 |
_aDum Dum, India _bHis master's voice |
||
| 300 |
_a1 sound disc [Gramophone Recording] _banalog, 33 1/3rpm ; _c9.5 in. (MP) _fGramaphone Records |
||
| 500 | _aBrief record | ||
| 505 | _aSide-2 झूला झूले सावन में-सावन संगीत (Jhoola jhoole sawan main-sawan sangeet) (Juthika Ray) | ||
| 650 |
_aClassical music _xexcerpts _zIndia _917838 |
||
| 700 | _917839 | ||
| 942 |
_2ddc _cGR |
||
| 999 |
_c43442 _d43442 |
||